Catalog

Record Details

Catalog Search



Available copies

  • 2 of 3 copies available at LARL/NWRL Consortium.
  • 2 of 2 copies available at Lake Agassiz Regional Library. (Show preferred library)

Current holds

0 current holds with 3 total copies.

Show Only Available Copies
Location Call Number / Copy Notes Barcode Shelving Location Status Due Date
Crookston Public Library HAR (Text) 33500013822366 Main Available -
Detroit Lakes Public Library HAR (Text) 33500013822358 Main Available -
Thief River Falls Public Library HAR (Text) 35500006533945 Main Checked out 07/08/2026

Record details

  • ISBN: 9780593336069
  • ISBN: 0593336062
  • Physical Description: 340 pages ; 21 cm.
  • Edition: First edition.
  • Publisher: New York : Jove, 2021.

Content descriptions

Summary, etc.:
"The witch is back and ready for revenge with a ... Read More
Subject: Witches > Fiction.
Magic > Fiction.
Revenge > Fiction.
Genre: Love stories.
Romance fiction.
LDR 03095cam a22004938i 4500
001372861
003LARL_NWRL_CONSORTIUM
00520230613151426.0
008210412s2021 nyu 000 1 eng
010 . ‡a 2021016312
040 . ‡aDLC ‡beng ‡erda ‡cDLC ‡dMJ8 ‡dOCLCO ‡dOCLCF ‡dOQX ‡dJAS ‡dJPL ‡dRNL
019 . ‡a1269074073
020 . ‡a9780593336069 ‡q(trade paperback)
020 . ‡a0593336062
020 . ‡z9780593336076 ‡q(ebook)
035 . ‡a(OCoLC)1245958458 ‡z(OCoLC)1269074073
042 . ‡apcc
08200. ‡a813/.6 ‡223
1001 . ‡aHarper, Lana, ‡eauthor.
24510. ‡aPayback's a witch / ‡cLana Harper.
2463 . ‡aPayback is a witch
250 . ‡aFirst edition.
264 1. ‡aNew York : ‡bJove, ‡c2021.
300 . ‡a340 pages ; ‡c21 cm.
336 . ‡atext ‡btxt ‡2rdacontent
337 . ‡aunmediated ‡bn ‡2rdamedia
338 . ‡avolume ‡bnc ‡2rdacarrier
4900 . ‡aWitches of Thistle Grove ; ‡v1
520 . ‡a"The witch is back and ready for revenge with a little help from her friends in this fresh, sizzling rom-com by Lana Harper. Emmy Harlow is a witch but not a very powerful one-in part because she hasn't been home to the magical town of Thistle Grove in years. Her self-imposed exile has a lot to do with a complicated family history and a desire to forge her own way in the world, and only the very tiniest bit to do with Gareth Blackmoor, heir to the most powerful magical family in town and casual breaker of hearts and destroyer of dreams. But when a spellcasting tournament that her family serves as arbiters for approaches, it turns out the pull of tradition (or the truly impressive parental guilt trip that comes with it) is strong enough to bring Emmy back. She's determined to do her familial duty; spend some quality time with her best friend, Linden Thorn; and get back to her real life in Chicago. On her first night home, Emmy runs into Talia Avramov-an all-around badass adept in the darker magical arts-who is fresh off a bad breakup . . . with Gareth Blackmoor. Talia had let herself be charmed, only to discover that Gareth was also seeing Linden-unbeknownst to either of them. And now she and Linden want revenge. Only one question stands: Is Emmy in? But most concerning of all: Why can't she stop thinking about the terrifyingly competent, devastatingly gorgeous, wickedly charming Talia Avramov?"-- ‡cProvided by publisher.
650 0. ‡aWitches ‡vFiction. ‡0(LARL_NWRL_CONSORTIUM)168002
650 0. ‡aMagic ‡vFiction. ‡0(LARL_NWRL_CONSORTIUM)165984
650 0. ‡aRevenge ‡vFiction. ‡0(LARL_NWRL_CONSORTIUM)167017
655 7. ‡aLove stories. ‡2gsafd
655 7. ‡aRomance fiction. ‡2lcgft
77608. ‡iOnline version: ‡aHarper, Lana ‡tPayback's a witch. ‡bFirst edition ‡dNew York : Jove, 2021 ‡z9780593336076 ‡w(DLC) 2021016313
901 . ‡a372861 ‡bOCoLC ‡c372861 ‡tbiblio ‡soclc

Additional Resources